000 00323nam a22001217a 4500
040 _cSY
082 _a339
100 _aអេង លេង
245 _aសេដ្ឋកិច្ចកសិកម្ម និង អភិវឌ្ឍន៍ជនបទ
260 _aRUA
_bអេង
_c2008
300 _a35p.
942 _cKB
999 _c9833
_d9833